000 00317nam a2200133Ia 4500
005 20251222153635.0
008 251222s9999||||xx |||||||||||||| ||spa||
082 _a985.093/P34
100 _aPease García, Henry
245 0 _aPerú 1979 Cronología Política
250 _a1ra.ed.
264 _bDESCO
942 _cLIB
999 _c32528
_d32528